000 01407cam a2200397 4500
001 19863
003 SK-KTurca
005 20251105113500.0
008 220812s2022 xo er 010 f slo
015 _aSNBA2022/10
020 _a9788022024167
_q(viazané)
040 _aTTKJF
_bslo
_cTTKJF
_dSNK
_erda
041 1 _aslo
_heng
044 _axo
_cSK
072 7 _a821.111(73)-3
_xAmerická próza
_2konspekt
080 _a821.111(73)-31
_22011
080 _a(0:82-312.5)-31
_22011
100 1 _aJeffries, Sabrina,
_d1958-
_4aut
240 1 4 _aThe Study of Seduction
_lSlovensky
245 1 0 _aŠkola zvádzania
_cSabrina Jeffriesová ; z anglického originálu The Study of Seduction ... preložila Miriam Ghaniová
264 1 _aBratislava
_bSlovenský spisovateľ, a.s.
_c2022
300 _a311 strán
_c21 cm
336 _atext
_btxt
_2rdacontent
337 _abez média
_bn
_2rdamedia
338 _azväzok
_bnc
_2rdacarrier
500 _aPreložené z angličtiny
500 _aČíslo časti série zo zadnej strany obálky
500 _aObsahuje stručné biografické údaje o autorke na záložke prebalu publikácie
655 7 _aamerické romány
_2SNKPH
655 7 _aľúbostné romány
_2SNKPH
655 7 _aAmerican fiction
_2SNKPHeng
655 7 _aLove novels
_2SNKPHeng
700 1 _aGhaniová, Miriam
_4trl
787 0 8 _iZo série:
_tHriešni ctitelia
_g2
942 _2ddc
_cKLDO
_n0
999 _c19863
_d19863